[Event "FICS rated blitz game"]
[Site "FICS freechess.org"]
[Date "2018.01.20"]
[Round "?"]
[White "Tensecterror"]
[Black "clocksfiftyfive"]
[Result "0-1"]
[WhiteElo "1340"]
[BlackElo "1314"]
[PlyCount "56"]
[EventDate "2018.??.??"]
[EventType "blitz"]

1. e4 e5 2. Nf3 Nc6 3. c3 Nf6 4. d4 Nxe4 5. d5 Nxf2 6. Kxf2 Bc5+ 7. Be3 Bxe3+
8. Kxe3 Ne7 9. c4 Nf5+ 10. Kf2 O-O 11. Be2 c6 12. dxc6 Qb6+ 13. Ke1 Ne3 14. Qd3
Nxg2+ 15. Kd2 Nf4 16. Qc3 dxc6 17. c5 Rd8+ 18. Ke1 Qc7 19. Rg1 Bh3 20. Nh4 Nxe2
21. Kxe2 Rd4 22. Qxh3 Re4+ 23. Kf3 Rf4+ 24. Ke3 Qa5 25. Nc3 Qxc5+ 26. Ke2 Qc4+
27. Qd3 Rf2+ 28. Ke3 Qf4# {White checkmated} 0-1

[Event "FICS rated lightning game"]
[Site "FICS freechess.org"]
[Date "2018.01.20"]
[Round "?"]
[White "kungzeb"]
[Black "javierrivas"]
[Result "0-1"]
[WhiteElo "1800"]
[BlackElo "1884"]
[PlyCount "104"]
[EventDate "2018.??.??"]

1. e4 e5 2. Nf3 Nc6 3. c3 Bc5 4. d4 exd4 5. cxd4 Bb6 6. Bb5 Nge7 7. O-O O-O 8.
Nc3 d6 9. d5 Ne5 10. Nxe5 dxe5 11. Bg5 f6 12. Bh4 Ng6 13. Bg3 Bd7 14. Bc4 Kh8
15. b4 Bd4 16. Rc1 c6 17. Ne2 Bb6 18. a4 a6 19. a5 Ba7 20. Kh1 cxd5 21. Bxd5
Bc6 22. Nc3 Bxd5 23. Nxd5 Bd4 24. f3 Rc8 25. Bf2 Bxf2 26. Rxf2 Rxc1 27. Qxc1
Qc8 28. Rc2 Qd7 29. Rc7 Qb5 30. Rc8 h6 31. Rxf8+ Nxf8 32. h4 Ng6 33. h5 Nf4 34.
Qc8+ Kh7 35. Qf5+ Kg8 36. Qe6+ Kh7 37. Qf5+ Kg8 38. Ne3 Qxb4 39. g3 Qe1+ 40.
Kh2 Qxe3 41. gxf4 Qxf4+ 42. Qxf4 exf4 43. Kh3 Kf7 44. Kg4 Ke6 45. Kxf4 Kd6 46.
Kf5 Ke7 47. Kg6 Kf8 48. f4 Kg8 49. e5 fxe5 50. fxe5 Kf8 51. e6 Ke7 52. Kxg7
Kxe6 0-1

[Event "FICS rated blitz game"]
[Site "FICS freechess.org"]
[Date "2018.01.20"]
[Round "?"]
[White "montanya"]
[Black "JrBadi"]
[Result "0-1"]
[WhiteElo "1411"]
[BlackElo "1437"]
[PlyCount "60"]
[EventDate "2018.??.??"]
[EventType "blitz"]

1. Nf3 Nc6 2. c3 e5 3. e4 d5 4. exd5 Qxd5 5. d3 Bg4 6. Be2 Nf6 7. O-O Bd6 8.
Ng5 Bxe2 9. Qxe2 O-O 10. Ne4 Nxe4 11. Qxe4 Qe6 12. b4 f5 13. Qc4 Qxc4 14. dxc4
e4 15. Be3 Ne5 16. c5 Be7 17. Bd4 Nc4 18. a4 Bf6 19. Bxf6 Rxf6 20. Na3 Nb2 21.
Ra2 Nd3 22. Nb5 c6 23. Nd6 Rb8 24. Rd2 b6 25. f3 bxc5 26. bxc5 exf3 27. gxf3
Nxc5 28. Ra1 Nb3 29. Rad1 Nxd2 30. Rxd2 Rd8 {White resigns} 0-1

[Event "FICS rated blitz game"]
[Site "FICS freechess.org"]
[Date "2018.01.20"]
[Round "?"]
[White "simplexperiences"]
[Black "chesspork"]
[Result "0-1"]
[WhiteElo "1355"]
[BlackElo "1449"]
[PlyCount "90"]
[EventDate "2018.??.??"]
[EventType "blitz"]

1. e4 e5 2. Nf3 Nc6 3. c3 Nf6 4. d3 Be7 5. Be2 O-O 6. O-O d6 7. Bg5 Kh8 8. Na3
Ng8 9. Bxe7 Qxe7 10. Nc4 f5 11. exf5 Bxf5 12. Re1 Nf6 13. Bf1 Qf7 14. Ng5 Qg6
15. Nf3 Bg4 16. Be2 Nh5 17. Rf1 Nf4 18. Nh4 Nxe2+ 19. Qxe2 Bxe2 20. Nxg6+ hxg6
21. Rfe1 Bxd3 22. Ne3 Rae8 23. Nd5 Rf7 24. Rad1 Bf5 25. a3 Ref8 26. f3 Kh7 27.
Rf1 Be6 28. Ne3 Ne7 29. Rde1 Nf5 30. Nxf5 gxf5 31. h3 g6 32. Kh2 c6 33. Rd1 d5
34. Rde1 e4 35. fxe4 fxe4 36. Rxf7+ Rxf7 37. Re2 c5 38. Kg3 b6 39. h4 Rf1 40.
Kh2 Bf5 41. g3 d4 42. cxd4 cxd4 43. Kg2 Rf3 44. Rd2 d3 45. Rxd3 Rxd3 {White
resigns} 0-1

[Event "FICS rated standard game"]
[Site "FICS freechess.org"]
[Date "2018.01.20"]
[Round "?"]
[White "FyFazan"]
[Black "Hekel"]
[Result "0-1"]
[WhiteElo "1653"]
[BlackElo "1696"]
[PlyCount "76"]
[EventDate "2018.??.??"]

1. e4 e5 2. Nf3 Nc6 3. c3 Nf6 4. d3 d5 5. exd5 Nxd5 6. c4 Bb4+ 7. Bd2 Bxd2+ 8.
Qxd2 Nf6 9. Be2 O-O 10. O-O Nd4 11. Nxd4 exd4 12. Na3 c5 13. Rfe1 Bg4 14. Qg5
Bxe2 15. Rxe2 Qd6 16. Nb5 Qc6 17. Rae1 a6 18. Na3 Rfe8 19. h3 Rxe2 20. Rxe2 Re8
21. Rd2 Re1+ 22. Kh2 Qd6+ 23. g3 Qe6 24. Nc2 Re2 25. Rxe2 Qxe2 26. Na3 Qxf2+
27. Kh1 Qxb2 28. Qxc5 h6 29. Qc8+ Kh7 30. Qf5+ Kh8 31. Qc8+ Ng8 32. Qc5 Qxa2
33. h4 Qf2 34. Qd5 Qxg3 35. Qxd4 Qe1+ 36. Kh2 Nf6 37. Qd8+ Kh7 38. Nc2 Qd2+ {
White resigns} 0-1

[Event "FICS rated blitz game"]
[Site "FICS freechess.org"]
[Date "2018.01.20"]
[Round "?"]
[White "fabiuscu"]
[Black "walchseb"]
[Result "0-1"]
[WhiteElo "1110"]
[BlackElo "1355"]
[PlyCount "48"]
[EventDate "2018.??.??"]
[EventType "blitz"]

1. e4 e5 2. Nf3 Nc6 3. c3 Nf6 4. d3 Bc5 5. b4 Bb6 6. a4 a6 7. a5 Ba7 8. h3 O-O
9. g4 h6 10. Nh4 Nxe4 11. dxe4 Qxh4 12. Be3 Bxe3 13. Qe2 Ba7 14. Nd2 d6 15. Bg2
b6 16. Nf3 Qf6 17. h4 Bxg4 18. axb6 Bxb6 19. b5 axb5 20. Rxa8 Rxa8 21. Qb2 Bxf3
22. Bxf3 Qxf3 23. Rf1 Ba5 24. Qxb5 Bxc3# {White checkmated} 0-1

[Event "FICS rated blitz game"]
[Site "FICS freechess.org"]
[Date "2018.01.20"]
[Round "?"]
[White "jsssstplayinn"]
[Black "yuripn"]
[Result "0-1"]
[WhiteElo "1657"]
[BlackElo "1806"]
[PlyCount "88"]
[EventDate "2018.??.??"]
[EventType "blitz"]

1. e4 e5 2. Nf3 Nc6 3. c3 Bc5 4. Bb5 d6 5. d4 exd4 6. cxd4 Bb4+ 7. Nc3 Bd7 8.
d5 Nce7 9. Bxd7+ Qxd7 10. O-O h6 11. e5 Bxc3 12. bxc3 dxe5 13. Nxe5 Qxd5 14.
Qa4+ c6 15. Bf4 Nf6 16. Rfd1 Qe4 17. Qxe4 Nxe4 18. f3 Nxc3 19. Rd3 Ne2+ 20. Kf2
Nxf4 21. Rd4 Ne6 22. Rg4 O-O 23. h4 Rad8 24. a4 Rd4 25. Rg3 Nf4 26. Kg1 Ne2+
27. Kh2 Nxg3 28. Kxg3 Nf5+ 29. Kh2 Nxh4 30. Kg3 Nf5+ 31. Kh2 f6 32. Ng4 h5 33.
Nf2 Rd2 34. Ne4 Rb2 35. a5 Nd4 36. Kg3 h4+ 37. Kxh4 Rxg2 38. Kh3 Rg6 39. a6 b6
40. f4 Re8 41. Nd6 Re3+ 42. Kh2 Nf3+ 43. Kh1 Re2 44. Nf5 Rh2# {White checkmated
} 0-1

[Event "FICS rated blitz game"]
[Site "FICS freechess.org"]
[Date "2018.01.20"]
[Round "?"]
[White "willyaplayme"]
[Black "cyranodebergerac"]
[Result "0-1"]
[WhiteElo "1369"]
[BlackElo "1386"]
[PlyCount "34"]
[EventDate "2018.??.??"]
[EventType "blitz"]

1. e4 e5 2. Nf3 Nc6 3. c3 d5 4. Qe2 dxe4 5. Qxe4 Bd6 6. d3 Nf6 7. Qe2 O-O 8. g3
Re8 9. Bg2 e4 10. Be3 exf3 11. Qxf3 Bg4 12. Qxg4 Nxg4 13. O-O Nxe3 14. fxe3
Rxe3 15. Nd2 Rxd3 16. Rad1 Bc5+ 17. Kh1 Rxd2 {White resigns} 0-1

[Event "FICS rated blitz game"]
[Site "FICS freechess.org"]
[Date "2018.01.20"]
[Round "?"]
[White "seved"]
[Black "artack"]
[Result "1-0"]
[WhiteElo "1534"]
[BlackElo "1527"]
[PlyCount "69"]
[EventDate "2018.??.??"]
[EventType "blitz"]

1. e4 e5 2. Nf3 Nc6 3. c3 Bc5 4. d4 exd4 5. cxd4 Bb4+ 6. Nc3 Bxc3+ 7. bxc3 Nf6
8. Bd3 O-O 9. Bg5 d6 10. Qc2 Bg4 11. Nd2 Re8 12. f3 Bh5 13. O-O Bg6 14. f4 Qd7
15. f5 Bh5 16. Bxf6 gxf6 17. Rab1 Nd8 18. h3 Kh8 19. g4 Rg8 20. Be2 Qe8 21. Kh2
d5 22. Rg1 dxe4 23. Qxe4 Qa4 24. gxh5 Nc6 25. Rxb7 Rae8 26. Rxg8+ Rxg8 27. Rxc7
Nd8 28. Bc4 Qa5 29. Rc8 Qxc3 30. Qd3 Qc1 31. Nf3 Qf4+ 32. Kh1 Rg3 33. Rxd8+ Rg8
34. Bxf7 Qh4 35. Rxg8# {Black checkmated} 1-0

[Event "FICS rated blitz game"]
[Site "FICS freechess.org"]
[Date "2018.01.20"]
[Round "?"]
[White "willyaplayme"]
[Black "flyingfeats"]
[Result "1-0"]
[WhiteElo "1352"]
[BlackElo "1332"]
[PlyCount "129"]
[EventDate "2018.??.??"]
[EventType "blitz"]

1. e4 e5 2. Nf3 Nc6 3. c3 Bc5 4. Qe2 Nf6 5. h3 d5 6. d3 dxe4 7. dxe4 Bb6 8.
Nbd2 O-O 9. Nc4 Bc5 10. b4 Be7 11. Ncxe5 Nxe5 12. Nxe5 Bd6 13. Nf3 Re8 14. Nd2
Bf5 15. f3 Bg6 16. g3 Bxg3+ 17. Kd1 Bf4 18. Kc2 Nxe4 19. fxe4 Bxd2 20. Qxd2
Bxe4+ 21. Kb3 Qxd2 22. Bxd2 Bxh1 23. Bb5 Bd5+ 24. c4 c6 25. cxd5 cxb5 26. Rc1
Red8 27. Rc7 Rxd5 28. Bf4 Rd3+ 29. Kc2 Rf3 30. Bd6 h6 31. Rxb7 Rb8 32. Bxb8
Rf2+ 33. Kb3 Rf3+ 34. Kc2 Rxh3 35. Rxb5 a6 36. Ra5 Rh4 37. a3 Rc4+ 38. Kb3 Rc1
39. Rxa6 Rb1+ 40. Ka4 Kh7 41. Bc7 g5 42. b5 g4 43. b6 Rc1 44. Bf4 Rc4+ 45. Kb5
Rxf4 46. b7 Rf5+ 47. Kb6 Rf6+ 48. Ka7 Rxa6+ 49. Kxa6 h5 50. b8=Q Kg6 51. Qg3 f5
52. Qh4 f4 53. Kb6 f3 54. a4 Kf5 55. a5 Kf4 56. a6 Ke3 57. a7 f2 58. Qg5+ Ke2
59. Qe5+ Kf1 60. a8=Q Kg1 61. Qg3+ Kf1 62. Qa6+ Ke1 63. Qa5+ Ke2 64. Qa2+ Ke1
65. Qgxf2+ {Black resigns} 1-0

[Event "FICS rated blitz game"]
[Site "FICS freechess.org"]
[Date "2018.01.20"]
[Round "?"]
[White "proximab"]
[Black "registrationbread"]
[Result "0-1"]
[WhiteElo "2099"]
[BlackElo "2030"]
[PlyCount "138"]
[EventDate "2018.??.??"]
[EventType "blitz"]

1. e4 e5 2. Nf3 Nc6 3. c3 Nf6 4. d4 Nxe4 5. d5 Ne7 6. Nxe5 Ng6 7. Nxg6 hxg6 8.
Bd3 Nf6 9. Qe2+ Qe7 10. Qxe7+ Bxe7 11. c4 c6 12. Nc3 b6 13. Bf4 cxd5 14. cxd5
Bb7 15. Bc4 Rc8 16. Bb3 Bb4 17. Bd2 Kf8 18. O-O Nxd5 19. Bxd5 Bxd5 20. Nxd5
Bxd2 21. h3 Rc2 22. b3 Rh5 23. Ne3 Bxe3 24. fxe3 Ke7 25. Rf4 Re5 26. Ra4 Rxe3
27. Rxa7 Rg3 28. Re1+ Kd8 29. Kh1 Rgxg2 30. Rd1 Rgd2 31. Rxd2 Rxd2 32. b4 g5
33. a4 Rb2 34. b5 Ra2 35. Ra6 Kc7 36. Ra7+ Kd6 37. Ra6 Kc5 38. Ra7 d5 39. Rxf7
d4 40. Rxg7 d3 41. Rxg5+ Kb4 42. Rg4+ Ka5 43. Rg1 Re2 44. Rg8 Kxa4 45. Rg4+
Kxb5 46. Rg5+ Kc4 47. Rg4+ Kc3 48. Rg3 Kc2 49. Rg7 d2 50. Rc7+ Kb3 51. Rd7 Re1+
52. Kg2 d1=Q 53. Rxd1 Rxd1 54. Kg3 Kc2 55. h4 b5 56. h5 b4 57. h6 b3 58. Kg2
Rd8 59. Kh3 Rh8 60. Kg3 Rxh6 61. Kg4 b2 62. Kg5 Ra6 63. Kf4 b1=Q 64. Ke3 Qb3+
65. Ke4 Ra4+ 66. Ke5 Qb5+ 67. Kf6 Ra6+ 68. Kg7 Qb7+ 69. Kh8 Ra8# {White
checkmated} 0-1

[Event "FICS rated blitz game"]
[Site "FICS freechess.org"]
[Date "2018.01.20"]
[Round "?"]
[White "bakonyi"]
[Black "psilber"]
[Result "0-1"]
[WhiteElo "2014"]
[BlackElo "2123"]
[PlyCount "86"]
[EventDate "2018.??.??"]
[EventType "blitz"]

1. e4 e5 2. Nf3 Nc6 3. c3 Be7 4. d4 exd4 5. cxd4 d6 6. Bc4 Nf6 7. Nc3 O-O 8.
O-O Nxe4 9. Nxe4 d5 10. Bd3 dxe4 11. Bxe4 Bg4 12. Bxc6 bxc6 13. h3 Bh5 14. Qd3
c5 15. Ne5 Qxd4 16. Qxd4 cxd4 17. Nc6 Bf6 18. Bf4 Be2 19. Rfe1 d3 20. Rab1 Rfe8
21. Bd2 Re6 22. Nb4 c5 23. Nd5 Rd8 24. Nxf6+ gxf6 25. f3 c4 26. Kf2 Rc8 27.
Rbc1 f5 28. b3 Rec6 29. Rxc4 Rxc4 30. bxc4 Rxc4 31. Rc1 Ra4 32. Ra1 f6 33. Ke1
Kf7 34. Bc3 Ke6 35. Kd2 f4 36. a3 f5 37. Bb2 Kd5 38. Rc1 Ra6 39. Ke1 Rb6 40.
Bc3 Rb3 41. Bb4 a5 42. Rc5+ Kd4 43. Rxa5 Rb1+ {White resigns} 0-1

[Event "FICS rated blitz game"]
[Site "FICS freechess.org"]
[Date "2018.01.20"]
[Round "?"]
[White "jsssstplayinn"]
[Black "SomanNair"]
[Result "0-1"]
[WhiteElo "1613"]
[BlackElo "1483"]
[PlyCount "104"]
[EventDate "2018.??.??"]
[EventType "blitz"]

1. e4 e5 2. Nf3 Nc6 3. c3 Be7 4. d4 exd4 5. cxd4 d5 6. e5 Bg4 7. Be2 Bxf3 8.
Bxf3 Bg5 9. Nc3 Bxc1 10. Rxc1 Qg5 11. Nxd5 O-O-O 12. O-O Nge7 13. Nxe7+ Nxe7
14. Qb3 c6 15. d5 Qxe5 16. dxc6 b6 17. c7 Rd7 18. Qa4 Rxc7 19. Qa6+ Kb8 20.
Rxc7 Qxc7 21. h3 Rd8 22. a4 Nd5 23. Qb5 Nf4 24. a5 Ne6 25. axb6 axb6 26. Qa6
Qa7 27. Qb5 Qa5 28. Qc6 Qa7 29. b4 Rc8 30. Qd6+ Qc7 31. Qd1 Rd8 32. Qa4 Qa7 33.
Qb3 Nd4 34. Qb2 Nxf3+ 35. gxf3 Qb7 36. Kg2 Qd5 37. b5 Qg5+ 38. Kh2 Rd2 39. Qb4
Rd5 40. Qf8+ Rd8 41. Qxf7 Qe5+ 42. f4 Qxb5 43. Qxg7 Qxf1 44. Qe5+ Kb7 45. Qe7+
Ka6 46. Qxd8 Qxf2+ 47. Kh1 Qf1+ 48. Kh2 Qf2+ 49. Kh1 Qf1+ 50. Kh2 Qf2+ 51. Kh1
Qf1+ 52. Kh2 Qf2+ 0-1

[Event "FICS rated blitz game"]
[Site "FICS freechess.org"]
[Date "2018.01.20"]
[Round "?"]
[White "Kaonyx"]
[Black "LouHoltz"]
[Result "0-1"]
[WhiteElo "1198"]
[BlackElo "1724"]
[PlyCount "25"]
[EventDate "2018.??.??"]
[EventType "blitz"]

1. e4 e5 2. Nf3 Nc6 3. c3 d5 4. Bd3 Nf6 5. exd5 Qxd5 6. Bc2 Bg4 7. Bb3 Qe4+ 8.
Qe2 Qxe2+ 9. Kxe2 e4 10. h3 exf3+ 11. Ke3 fxg2 12. Rg1 Bxh3 13. d4 {White
resigns} 0-1

[Event "FICS rated blitz game"]
[Site "FICS freechess.org"]
[Date "2018.01.20"]
[Round "?"]
[White "Robeto"]
[Black "UglyRooks"]
[Result "0-1"]
[WhiteElo "1634"]
[BlackElo "1430"]
[PlyCount "74"]
[EventDate "2018.??.??"]
[EventType "blitz"]

1. e4 e5 2. Nf3 Nc6 3. c3 Bc5 4. Nxe5 Nxe5 5. d4 Bxd4 6. cxd4 Nc6 7. Bc4 Nge7
8. O-O d5 9. exd5 Nxd5 10. Qf3 Be6 11. Nc3 Nxc3 12. Bxe6 O-O 13. Bxf7+ Rxf7 14.
Qxc3 Qxd4 15. Qxd4 Nxd4 16. Be3 Nc2 17. Rac1 Nxe3 18. fxe3 Raf8 19. e4 Rxf1+
20. Rxf1 Rxf1+ 21. Kxf1 Kf7 22. Ke2 Ke6 23. Kd3 Ke5 24. g3 g5 25. b4 g4 26. a4
c6 27. a5 b6 28. axb6 axb6 29. Ke3 c5 30. bxc5 bxc5 31. Kd3 h5 32. Ke3 c4 33.
Kd2 Kxe4 34. Kc3 Kf3 35. Kxc4 Kg2 36. Kd3 Kxh2 37. Ke3 Kxg3 {White resigns} 0-1

[Event "FICS rated standard game"]
[Site "FICS freechess.org"]
[Date "2018.01.20"]
[Round "?"]
[White "guire"]
[Black "agrfor"]
[Result "0-1"]
[WhiteElo "1464"]
[BlackElo "1683"]
[PlyCount "68"]
[EventDate "2018.??.??"]

1. e4 e5 2. Nf3 Nc6 3. c3 h6 4. Bb5 Nge7 5. O-O a6 6. Bxc6 Nxc6 7. d4 exd4 8.
Nxd4 Bc5 9. Nxc6 bxc6 10. b4 Ba7 11. a4 d6 12. Re1 O-O 13. Be3 Bb6 14. a5 Ba7
15. Bxa7 Rxa7 16. Nd2 Qf6 17. Qf3 Qxf3 18. Nxf3 Bg4 19. Nd2 f5 20. f3 Bh5 21.
exf5 Rxf5 22. g4 Rg5 23. h3 Bf7 24. h4 Rd5 25. Ne4 Rd3 26. g5 hxg5 27. Nxg5
Rxc3 28. Nxf7 Kxf7 29. Kf2 Ra8 30. Rab1 Rc4 31. Re4 Rxe4 32. fxe4 Rb8 33. Ke3
c5 34. b5 axb5 {White resigns} 0-1

[Event "FICS rated blitz game"]
[Site "FICS freechess.org"]
[Date "2018.01.20"]
[Round "?"]
[White "BiH"]
[Black "Gargoyles"]
[Result "0-1"]
[WhiteElo "1581"]
[BlackElo "1697"]
[PlyCount "72"]
[EventDate "2018.??.??"]
[EventType "blitz"]

1. e4 e5 2. Nf3 Nc6 3. c3 d5 4. Qa4 Qd6 5. exd5 Qxd5 6. c4 Qc5 7. Nc3 Bd7 8.
Ne4 Qb4 9. Qd1 f5 10. a3 Qe7 11. Nc3 Nf6 12. Be2 e4 13. Ng5 h6 14. Bh5+ Kd8 15.
Nf7+ Kc8 16. Nxh8 Be8 17. Ng6 Qd6 18. Nxf8 Bxh5 19. Qa4 Qxf8 20. O-O Qd6 21. b4
Nd4 22. c5 Qe5 23. Re1 Ng4 24. g3 Nf3+ 25. Kf1 Ngxh2+ 26. Kg2 Nxe1+ 27. Kxh2 f4
28. Bb2 fxg3+ 29. fxg3 Nf3+ 30. Kg2 Qg5 31. Nxe4 Qd5 32. Qc2 Bg6 33. d3 Qh5 34.
Rh1 Qg4 35. Nf2 Qf5 36. Qe2 Nh4+ 0-1

[Event "FICS rated blitz game"]
[Site "FICS freechess.org"]
[Date "2018.01.20"]
[Round "?"]
[White "gmarius"]
[Black "emoho"]
[Result "1-0"]
[WhiteElo "1149"]
[BlackElo "1144"]
[PlyCount "87"]
[EventDate "2018.??.??"]
[EventType "blitz"]

1. e4 e5 2. Nf3 Nc6 3. c3 d6 4. h3 a6 5. Be2 b5 6. O-O Bb7 7. d3 Be7 8. Nbd2 h6
9. Re1 Nf6 10. Nf1 O-O 11. Ng3 d5 12. Qc2 d4 13. Bd2 dxc3 14. bxc3 b4 15. Rac1
bxc3 16. Bxc3 Bb4 17. a3 Bxc3 18. Qxc3 Nd4 19. Nxd4 exd4 20. Qxc7 Qxc7 21. Rxc7
Rab8 22. Nf5 Ne8 23. Rc4 Nf6 24. Nxd4 Rfd8 25. Nf5 Bc8 26. g4 Bxf5 27. exf5 Rb3
28. a4 Rdb8 29. f4 R3b4 30. g5 hxg5 31. fxg5 Nd5 32. Bf3 Rxc4 33. dxc4 Nc3 34.
a5 Rb4 35. c5 Ra4 36. c6 Rxa5 37. c7 Rc5 38. Re8+ Kh7 39. c8=Q Rxc8 40. Rxc8
Nb5 41. h4 Nd4 42. Be4 f6 43. g6+ Kh6 44. Rh8# {Black checkmated} 1-0

[Event "FICS rated blitz game"]
[Site "FICS freechess.org"]
[Date "2018.01.20"]
[Round "?"]
[White "RADACK"]
[Black "chessbridge"]
[Result "1-0"]
[WhiteElo "1518"]
[BlackElo "1581"]
[PlyCount "37"]
[EventDate "2018.??.??"]
[EventType "blitz"]

1. e4 e5 2. Nf3 Nc6 3. c3 Nf6 4. Qc2 d5 5. exd5 Qxd5 6. d4 e4 7. Nfd2 Be6 8.
Bc4 Qd7 9. O-O O-O-O 10. Bb5 Bf5 11. Qa4 Kb8 12. Nc4 Nd5 13. Ne5 Nxe5 14. Bxd7
Nxd7 15. Be3 N7b6 16. Qc2 Bd6 17. Nd2 Rhe8 18. c4 Nxe3 19. fxe3 {Black resigns}
1-0

[Event "FICS rated blitz game"]
[Site "FICS freechess.org"]
[Date "2018.01.20"]
[Round "?"]
[White "proximab"]
[Black "Geforce"]
[Result "1-0"]
[WhiteElo "2103"]
[BlackElo "2092"]
[PlyCount "85"]
[EventDate "2018.??.??"]
[EventType "blitz"]

1. e4 e5 2. Nf3 Nc6 3. c3 Nf6 4. d4 d6 5. d5 Ne7 6. Bg5 Ng6 7. Bb5+ Bd7 8. Bxf6
Qxf6 9. Qa4 Qd8 10. Bxd7+ Qxd7 11. Qxd7+ Kxd7 12. O-O Be7 13. Na3 a6 14. Nc4
Nf4 15. Rae1 h6 16. g3 Ng6 17. h4 Nf8 18. h5 Nh7 19. Nfd2 Nf6 20. f4 exf4 21.
Rxf4 Raf8 22. Rh4 Nh7 23. Rh2 Ng5 24. Ne3 Bf6 25. Ng4 Be5 26. Nxe5+ dxe5 27.
Rf1 f6 28. Rh4 Rf7 29. Nb3 b6 30. Nc1 c6 31. c4 cxd5 32. exd5 Rc8 33. b3 Re8
34. Nd3 Kd6 35. Nb4 a5 36. Nc6 e4 37. Kh1 e3 38. Rh2 Ne4 39. Rg2 Nc3 40. Rc2 e2
41. Re1 Re3 42. Nd4 Ne4 43. Nf5+ 1-0

[Event "FICS rated blitz game"]
[Site "FICS freechess.org"]
[Date "2018.01.20"]
[Round "?"]
[White "lopencjo"]
[Black "refm"]
[Result "1-0"]
[WhiteElo "1844"]
[BlackElo "1883"]
[PlyCount "69"]
[EventDate "2018.??.??"]
[EventType "blitz"]

1. e4 e5 2. Nf3 Nc6 3. c3 Nf6 4. d4 Nxe4 5. Nxe5 d5 6. Bb5 Bd7 7. Nxd7 Qxd7 8.
O-O Be7 9. Nd2 Nd6 10. Ba4 O-O 11. Nf3 Rae8 12. Ne5 Qf5 13. Nxc6 bxc6 14. Bxc6
Rb8 15. Re1 Bf6 16. Qf3 Qxf3 17. gxf3 Nc4 18. b3 Nb6 19. a4 a5 20. Bf4 Rbc8 21.
Bb7 Rb8 22. Ba6 c6 23. Bxb8 Rxb8 24. b4 axb4 25. a5 Nd7 26. Reb1 bxc3 27. Rxb8+
Nxb8 28. Bd3 Bxd4 29. a6 Nxa6 30. Rxa6 g6 31. Rxc6 Bg7 32. Rc8+ Bf8 33. Rxc3
Kg7 34. Bb1 Be7 35. Rd3 {Black resigns} 1-0

[Event "FICS rated blitz game"]
[Site "FICS freechess.org"]
[Date "2018.01.20"]
[Round "?"]
[White "bakonyi"]
[Black "Crim"]
[Result "0-1"]
[WhiteElo "2021"]
[BlackElo "1823"]
[PlyCount "48"]
[EventDate "2018.??.??"]
[EventType "blitz"]

1. e4 e5 2. Nf3 Nc6 3. c3 f5 4. d4 Nf6 5. d5 fxe4 6. dxc6 exf3 7. Qxf3 bxc6 8.
Bg5 d5 9. Nd2 e4 10. Qe3 Be7 11. Be2 O-O 12. O-O a5 13. a3 a4 14. Rad1 Ba6 15.
Bxa6 Rxa6 16. Bxf6 Bxf6 17. Nxe4 Rb6 18. Rd2 Be5 19. Qg5 Qxg5 20. Nxg5 Bf4 21.
Nf3 Bxd2 22. Nxd2 Rxb2 23. Nf3 Re8 24. Re1 Rxe1+ {White resigns} 0-1

[Event "FICS rated blitz game"]
[Site "FICS freechess.org"]
[Date "2018.01.20"]
[Round "?"]
[White "adityapatil"]
[Black "khuizen"]
[Result "0-1"]
[WhiteElo "1498"]
[BlackElo "1315"]
[PlyCount "82"]
[EventDate "2018.??.??"]
[EventType "blitz"]

1. e4 e5 2. Nf3 Nc6 3. c3 Bc5 4. d4 exd4 5. cxd4 Bb4+ 6. Bd2 Bxd2+ 7. Qxd2 d6
8. Be2 Nf6 9. Nc3 O-O 10. O-O h6 11. Rac1 a6 12. a3 Bg4 13. Rfe1 Nh7 14. Qf4
Bxf3 15. Bxf3 Nxd4 16. Bd1 Ne6 17. Qg3 Qg5 18. Qxg5 Nexg5 19. f4 Ne6 20. f5 Nc5
21. Bc2 Rfe8 22. b4 Nd7 23. Nd5 Rac8 24. Ba4 c6 25. Nf4 Ng5 26. Bc2 Nf6 27.
Rcd1 Ngxe4 28. Rf1 d5 29. Nd3 Ng4 30. Rde1 Ngf6 31. a4 Nc3 32. Rxe8+ Rxe8 33.
Nc5 Ne2+ 34. Kh1 Nd4 35. Bd1 Re7 36. a5 Nxf5 37. Ba4 Kf8 38. g3 Nd4 39. Nd3 Re2
40. Bd1 Rd2 41. Nc5 Ne4 0-1

[Event "FICS rated blitz game"]
[Site "FICS freechess.org"]
[Date "2018.01.20"]
[Round "?"]
[White "donnaliza"]
[Black "Kalaharie"]
[Result "1-0"]
[WhiteElo "1206"]
[BlackElo "1269"]
[PlyCount "71"]
[EventDate "2018.??.??"]
[EventType "blitz"]

1. e4 e5 2. Nf3 Nc6 3. c3 d6 4. h3 g6 5. Qb3 Be6 6. Bc4 Bxc4 7. Qxc4 Nge7 8.
O-O h6 9. d4 Na5 10. Qb5+ Nac6 11. d5 a6 12. Qa4 b5 13. Qc2 Na7 14. a4 Bg7 15.
axb5 Nxb5 16. c4 Nd4 17. Nxd4 exd4 18. Qd3 O-O 19. Nd2 f5 20. Nf3 Be5 21. exf5
Nxf5 22. Nxe5 dxe5 23. c5 Qxd5 24. Rxa6 Rxa6 25. Qxa6 Qxc5 26. Qxg6+ Ng7 27.
Bxh6 Rf7 28. Bxg7 Rxg7 29. Qe8+ Kh7 30. Re1 Re7 31. Qh5+ Kg7 32. Re4 Kf6 33.
Qh6+ Kf7 34. Qh5+ Ke6 35. Kh1 Kd5 36. f3 1-0

[Event "FICS rated blitz game"]
[Site "FICS freechess.org"]
[Date "2018.01.20"]
[Round "?"]
[White "mijac"]
[Black "Kalaharie"]
[Result "1-0"]
[WhiteElo "1558"]
[BlackElo "1264"]
[PlyCount "75"]
[EventDate "2018.??.??"]
[EventType "blitz"]

1. e4 Nc6 2. Nf3 e5 3. c3 Bc5 4. d4 exd4 5. cxd4 Bb6 6. d5 Nce7 7. Nc3 d6 8.
Na4 Bg4 9. Nxb6 axb6 10. Be2 Bxf3 11. Bxf3 Ng6 12. O-O N8e7 13. Be3 O-O 14. a3
Ne5 15. Rc1 N7g6 16. Bd4 c5 17. Bxe5 Nxe5 18. Be2 Qg5 19. f4 Qg6 20. fxe5 dxe5
21. Bd3 Rfd8 22. Qb3 Rd6 23. Rf3 Rf8 24. Rcf1 f6 25. Rg3 Qh6 26. Rff3 Qd2 27.
Rf2 Qc1+ 28. Rf1 Qd2 29. Rgf3 h6 30. R3f2 Qe3 31. Qd1 c4 32. Bxc4 Qxe4 33. b3
Rfd8 34. Re2 Qg6 35. Bd3 Qh5 36. Be4 b5 37. Qd3 f5 38. Bf3 1-0

[Event "FICS rated blitz game"]
[Site "FICS freechess.org"]
[Date "2018.01.20"]
[Round "?"]
[White "willyaplayme"]
[Black "Rumpmasen"]
[Result "1-0"]
[WhiteElo "1391"]
[BlackElo "1392"]
[PlyCount "39"]
[EventDate "2018.??.??"]
[EventType "blitz"]

1. e4 e5 2. Nf3 Nc6 3. c3 Nf6 4. Qe2 Be7 5. d3 d6 6. Nbd2 O-O 7. g3 Bg4 8. h3
Be6 9. Bg2 a6 10. Ng5 Bd7 11. O-O h6 12. Ngf3 b5 13. Kh1 Na5 14. Ng1 c5 15.
Ndf3 Nc6 16. Nh4 Nh7 17. Nf5 Bxf5 18. exf5 Bg5 19. Bxc6 Bxc1 20. Bxa8 {Black
resigns} 1-0

[Event "FICS rated blitz game"]
[Site "FICS freechess.org"]
[Date "2018.01.20"]
[Round "?"]
[White "mougly"]
[Black "JChrusty"]
[Result "1-0"]
[WhiteElo "1391"]
[BlackElo "1505"]
[PlyCount "51"]
[EventDate "2018.??.??"]
[EventType "blitz"]

1. e4 e5 2. Nf3 Nc6 3. c3 Nf6 4. d3 d5 5. exd5 Qxd5 6. Be2 Bf5 7. c4 Qd7 8. Nc3
O-O-O 9. O-O Bxd3 10. Bxd3 Qxd3 11. Qa4 Kb8 12. Be3 e4 13. Rad1 Qxd1 14. Nxd1
exf3 15. gxf3 a6 16. Nc3 Bd6 17. Nd5 Nh5 18. b4 Ne5 19. Kg2 Nxc4 20. b5 Nxe3+
21. Nxe3 Nf4+ 22. Kh1 Bc5 23. bxa6 Rd4 24. Qb5 Bb6 25. a4 Ne6 26. a5 {Black
resigns} 1-0

[Event "FICS rated blitz game"]
[Site "FICS freechess.org"]
[Date "2018.01.20"]
[Round "?"]
[White "Nahka"]
[Black "akx"]
[Result "1-0"]
[WhiteElo "1835"]
[BlackElo "1815"]
[PlyCount "91"]
[EventDate "2018.??.??"]
[EventType "blitz"]

1. e4 e5 2. Nf3 Nc6 3. c3 Nf6 4. d4 exd4 5. e5 Nd5 6. cxd4 Bb4+ 7. Bd2 Bxd2+ 8.
Qxd2 d6 9. Nc3 Nxc3 10. Qxc3 dxe5 11. dxe5 O-O 12. Bb5 Bg4 13. Bxc6 bxc6 14.
O-O Bxf3 15. Qxf3 Qd5 16. Qc3 Rfe8 17. Rfe1 Rad8 18. Rac1 h6 19. h3 a5 20. Qxc6
Qxa2 21. Qxc7 Qxb2 22. e6 fxe6 23. Rc2 Qb3 24. Rce2 Rc8 25. Qxa5 Ra8 26. Qh5
Kh8 27. Qg6 e5 28. Rxe5 Rxe5 29. Rxe5 Ra1+ 30. Kh2 Qb8 31. f4 Ra8 32. Re7 Qf8
33. f5 Qb8+ 34. Qg3 Qf8 35. Qe5 Kh7 36. f6 Qb8 37. Rxg7+ Kh8 38. Qxb8+ Rxb8 39.
Ra7 Rb6 40. f7 Kg7 41. Kg3 Rg6+ 42. Kf4 Rf6+ 43. Kg4 Rg6+ 44. Kh5 Rg5+ 45. Kh4
Rxg2 46. Kh5 1-0